000 00629nam a2200205Ia 4500
003 GCL
008 140319s9999 xx 000 0 ara d
020 _a4837299977
040 _aGCL /
_cGCL
082 0 4 _a210.4
_bع م
100 1 _aعلى عبدالواحد وافى
245 1 0 _aالمرأة فى الاسلام /
_cعلى عبدالواحد وافى
250 _aالثانية
260 _aالقاهرة :
_bدار نهضة مصر للطبع والنشر
300 _a189 ص ؛
_c20 سم
650 0 4 _aالاسلام
650 0 4 _aالمرأة
650 0 4 _aالمرأة فى الاسلام
942 _2ddc
_cBK
999 _c42775
_d42775